Loading...
| Fine Arts - Painting and Sculpture | 2 | 2 | 0 | 1 | 50 | 47 | 84.75 | 1 | 1 | 0.00 | 0.00 |
| Fine Arts - Other | 1 | 3 | 2 | 0 | 35 | 90 | 119.25 | 1 | 3 | 0.00 | 0.00 |
| Science - Physics | 0 | 3 | 1 | 1 | 25 | 74 | 103.00 | 1 | 3 | 0.00 | 0.00 |
| Other Academic | 0 | 3 | 1 | 0 | 25 | 74 | 86.67 | 1 | 2 | 0.00 | 0.00 |
| Philosophy | 1 | 1 | 0 | 0 | 25 | 58 | 87.00 | 0 | 1 | 0.00 | 0.00 |
| Mythology | 1 | 1 | 0 | 0 | 25 | 51 | 93.00 | 0 | 1 | 0.00 | 0.00 |
| Science - Other | 0 | 2 | 0 | 0 | 20 | 83 | 98.00 | 0 | 2 | 0.00 | 0.00 |
| Literature - Poetry | 1 | 0 | 0 | 0 | 15 | 79 | 79.00 | 0 | 1 | 0.00 | 0.00 |
| Science - Chemistry | 0 | 2 | 2 | 1 | 10 | 115 | 127.00 | 1 | 1 | 0.00 | 0.00 |
| History - World | 0 | 1 | 0 | 0 | 10 | 109 | 109.00 | 0 | 0 | 0.00 | 0.00 |
| Social Science | 0 | 1 | 1 | 0 | 5 | 136 | 136.00 | 0 | 0 | 0.00 | 0.00 |
| Geography | 0 | 1 | 1 | 0 | 5 | 121 | 121.00 | 0 | 0 | 0.00 | 0.00 |
| Religion | 0 | 1 | 1 | 1 | 5 | 149 | 149.00 | 0 | 0 | 0.00 | 0.00 |
| Fine Arts - Classical Music | 0 | 1 | 1 | 0 | 5 | 109 | 109.00 | 0 | 0 | 0.00 | 0.00 |
| History - Other | 0 | 0 | 0 | 0 | 0 | 0.00 | 0 | 0 | 0.00 | 0.00 | |
| Literature - Long Fiction | 0 | 0 | 1 | 0 | -5 | 0.00 | 0 | 0 | 0.00 | 0.00 | |
| Science - Math | 0 | 0 | 1 | 0 | -5 | 0.00 | 0 | 0 | 0.00 | 0.00 | |
| Literature - Drama | 0 | 0 | 1 | 0 | -5 | 0.00 | 0 | 0 | 0.00 | 0.00 | |
| Science - Biology | 0 | 0 | 2 | 0 | -10 | 0.00 | 0 | 0 | 0.00 | 0.00 |